Pays avec le Plus de Forêts - Statistiques

Statistiques générales
  • Ce quiz a été pris 243 fois
  • Le résultat moyen est 14 sur 20
Statistiques - réponses
km2 Country % Correct
4,970,000 Brésil
98%
8,150,000 Russie
98%
3,470,000 Canada
95%
2,200,000 Chine
95%
3,100,000 États-Unis
91%
286,000 Argentine
85%
722,000 Inde
85%
1,340,000 Australie
80%
657,000 Mexique
80%
591,000 Colombie
75%
1,260,000 République Démocratique du Congo
75%
723,000 Pérou
68%
921,000 Indonésie
66%
462,000 Venezuela
66%
508,000 Bolivie
65%
457,000 Tanzanie
44%
666,000 Angola
41%
367,000 Mozambique
34%
448,000 Zambie
29%
359,000 Papouasie-Nouvelle-Guinée
18%
Aucun quiz correspondant
Distribution des résultats
% des personnes avec chaque résultat
Percentile par nombre de réponses
Votre historique - résultats
Vous n’avez pas pris ce quiz